000 00840nam a2200277Ia 4500
001 Para_5517
003 CHAP
008 220125s1941 xx 000 0 und d
010 _a203976
040 _cCHAP
090 _aPA FOLLETO 2832
100 _aCotton, R. T.
_9168275
245 _aControl of insect pest of grain in elevator storage /
_c R. T. Cotton and Geo. B. W
260 _aWashington :
_b Department of Agriculture
300 _a22 p.
440 _aEUA. Dep. of Agri. Farmers' Bull.; 1880
_9169998
650 _aCereales
_x Almacenamiento
_x Plagas Control de plagas
_9169999
700 _aWagner, Geo. B.
_9120781
901 _aPA FOLLETO 2832
902 _aA
905 _a0000001941 WAS 0000000000 00
910 _a1941
942 _cPARA
942 _cPARA
_d1
999 _c203976
_d203976